| 000 | 00000nam##2200000za#4500 |
| 001 | 9.615493 |
| 003 | CaOODSP |
| 005 | 20200401020518 |
| 007 | ta |
| 008 | 150406|2000||||xxc||||| f|0| 0 eng|d |
| 040 | |aCaOODSP|beng |
| 043 | |an-cn--- |
| 086 | 1 |aFA1-2000/3E |
| 110 | 1 |aCanada. |bOffice of the Auditor General. |
| 245 | 10|aVolume 3, December 2000 |
| 260 | |aOttawa - Ontario : |bOffice of the Auditor General of Canada |c2000. |
| 300 | |a14 volumes, in a case set. : |bfigs., graphs, tables ; |c29 cm. |
| 490 | 1 |aReport of the Auditor General of Canada to the House of Commons, 2000 |
| 500 | |aContents: Matters of special importance, 2000: foreword and main points.--Chapter 18: Governance of Crown corporations.--Chapter 19: Reporting performance to Parliament: progress too slow.--Chapter 20: Managing departments for results and managing horizontal issues for results.--Chapter 21: Post-secondary recruitment program of the federal public service.--Chapter 22: Development of the Universal Classification Standard: a follow-up.--Chapter 23: Information technology: acquisition of goods and services.--Chapters 24-28: Protecting health and safety.--Chapter 29: Treasury Board Secretariat: the government's annual Contracting Activity Report, 1998.--Chapter 30: Fisheries and Oceans: the effects of salmon farming in British Columbia on the management of wild salmon stocks.--Chapter 31: Fisheries and Oceans: fleet management.--Chapter 32: National Defence: defence support productivity: a progress report.--Chapter 33-34: Other observations and appendices.--Chapter 35: Sustainable development strategy for the Office of the Auditor General. |
| 563 | |aSoftcover |
| 590 | |a01-07|b2001-02-16 |
| 690 | 07|aPublic expenditures|2gcpds |
| 775 | 08|tVolume 3, décembre 2000 |w(CaOODSP)9.625558 |
| 776 | 0#|tReport of the Auditor General of Canada. Foreword |w(CaOODSP)9.572432 |
| 776 | 0#|tReport of the Auditor General of Canada. Matters of special importance - 2000 |w(CaOODSP)9.572433 |
| 776 | 0#|tReport of the Auditor General of Canada. Chapter 18, : |w(CaOODSP)9.572434 |
| 776 | 0#|tReport of the Auditor General of Canada. Chapter 19, : |w(CaOODSP)9.572435 |
| 776 | 0#|tReport of the Auditor General of Canada. Chapter 20, : |w(CaOODSP)9.572436 |
| 776 | 0#|tReport of the Auditor General of Canada. Chapter 21, : |w(CaOODSP)9.572437 |
| 776 | 0#|tReport of the Auditor General of Canada. Chapter 22, : |w(CaOODSP)9.572438 |
| 776 | 0#|tReport of the Auditor General of Canada. Chapter 23, : |w(CaOODSP)9.572439 |
| 776 | 0#|tReport of the Auditor General of Canada. Chapter 25, : |w(CaOODSP)9.572442 |
| 776 | 0#|tReport of the Auditor General of Canada. Chapter 26, : |w(CaOODSP)9.572443 |
| 776 | 0#|tReport of the Auditor General of Canada. Chapter 27, : |w(CaOODSP)9.572444 |
| 776 | 0#|tReport of the Auditor General of Canada. Chapter 28, : |w(CaOODSP)9.572445 |
| 776 | 0#|tReport of the Auditor General of Canada. Chapter 29, : |w(CaOODSP)9.572446 |
| 776 | 0#|tReport of the Auditor General of Canada. Chapter 30, : |w(CaOODSP)9.572447 |
| 776 | 0#|tReport of the Auditor General of Canada. Chapter 31, : |w(CaOODSP)9.572448 |
| 776 | 0#|tReport of the Auditor General of Canada. Chapter 32, : |w(CaOODSP)9.572449 |
| 776 | 0#|tReport of the Auditor General of Canada. Chapter 33, : |w(CaOODSP)9.572451 |
| 776 | 0#|tReport of the Auditor General of Canada. Chapter 34, : |w(CaOODSP)9.572452 |
| 776 | 0#|tReport of the Auditor General of Canada. Chapter 35, : |w(CaOODSP)9.572453 |
| 776 | 0#|tReport of the Auditor General of Canada. Chapter 24, : |w(CaOODSP)9.572440 |
| 830 | #0|aReport of the Auditor General of Canada to the House of Commons, 2000.|w(CaOODSP)9.514620 |